| 000 | 01187nam a2200265 i 4500 | ||
|---|---|---|---|
| 001 | 10822 | ||
| 003 | ES-MaACL | ||
| 005 | 20260113165950.0 | ||
| 007 | t| | ||
| 008 | 951107s1990 sp ||||1| spa d | ||
| 020 | _a84-7039-585-8 | ||
| 080 | _a929 Villarreal de Bérriz, Pedro Bernardo | ||
| 080 | _a62/69(460.15)"17" | ||
| 100 | 1 |
_aRuiz de Azúa, Estíbaliz. _9100729 |
|
| 245 | 1 | 0 |
_aPedro Bernardo Villarreal de Bérriz (1669-1740) _b: semblanza de un vasco precursor / _cEstíbaliz Ruiz de Azúa y Martínez de Ezquerecocha ; con un estudio sobre las ideas técnicas de P.B. Villarreal de Bérriz, por Ignacio González Tascón y un prólogo de José María de Areilza. |
| 260 |
_aMadrid : _bFundación Juanelo Turriano : _bCastalia, _cD.L. 1990. |
||
| 300 |
_a249 p., 16 p. de lám. : _bil. ; _c25 cm. |
||
| 600 | 1 | 4 |
_aVillarreal de Berriz, Pedro Bernardo, _d1670-1740 _9115137 |
| 650 | 1 | 4 |
_aTecnología- _zPais Vasco- _yS.XVII. _917412 |
| 700 | 1 |
_aGonzález Tascón, Ignacio. _958983 |
|
| 700 | 1 |
_aAreilza, José María de, _d1909-1998 _922575 |
|
| 710 | 2 |
_aFundación Juanelo Turriano. _94352 |
|
| 852 |
_aES-MaACL _jL-18079 _bR.119141 |
||
| 999 |
_c10822 _d10822 |
||